000 00338nam a2200157Ia 4500
003 OSt
005 20240112162436.0
008 170524s9999 xx 000 0 und d
020 _a0070667616
040 _cIIMT
100 _aKrar- Steve F
245 0 _aTechnology of Machine Tools
260 _bTMH
260 _c2008
942 _2ddc
_c02
999 _c5251
_d5251